| 000 | 00344nam a2200109Ia 4500 | ||
|---|---|---|---|
| 008 | 230907s9999||||xx |||||||||||||| ||und|| | ||
| 082 |
_a610.28 _bHAN |
||
| 245 | 0 | _aHandbook of biomaterial properties / | |
| 300 | _axviii, 676 pages : | ||
| 650 |
_aHandbooks, manuals, etc. Handbooks, manuals, etc. Handbooks, manuals, etc. _9115443 |
||
| 942 | _cBK | ||
| 999 |
_c601407 _d601407 |
||